000 00683nam a2200217 i 4500
001 bg
245 7 0 _aProjekty inwestycyjne :
_bfinansowanie, metody i procedury oceny /
_cLucjan Czechowski [etc.].
260 _aGdańsk :
_bOśrodek Doradztwa i Doskonalenia Kadr,
_c1999.
300 _a283 s., 1 k. tabl. złoż. ;
_c21 cm.
650 9 _aInwestycje
_xplanowanie
_xmetody
650 9 _aPrzedsiębiorstwo
_xinwestycje
_xprojekty
650 9 _aDecyzje
_xfinanse
700 1 _aCZECHOWSKI, Lucjan.
020 _a83865514159
040 _cBPK
041 0 _apl
080 _a658.14/.17:330.322
920 _a83-865514-15-9
942 _cKS
008 s pl f |000 0 pol
999 _c35832
_d35832
856 _uhttp://koha.tu.koszalin.pl/cgi-bin/koha/opac-detail.pl?biblionumber=35832
_yKatalog online BPK